Catalog

Record Details

Catalog Search



Available copies

  • 2 of 2 copies available at LARL/NWRL Consortium.
  • 1 of 1 copy available at Lake Agassiz Regional Library. (Show preferred library)

Current holds

0 current holds with 2 total copies.

Show Only Available Copies
Location Call Number / Copy Notes Barcode Shelving Location Status Due Date
Breckenridge Public Library DVD HAN (Text) 33500014285589 Main Available -
Thief River Falls Public Library DVD HAN (Text) 35500006335531 Main Available -

Record details

  • Physical Description: 4 videodiscs (659 min.) : sound, color ; 4 3/4 in.
  • Edition: Widescreen.
  • Publisher: Beverly Hills, CA : Twentieth Century Fox Home Entertainment, [2019]

Content descriptions

General Note:
Widescreen.
Title from container.
Based on the novel by Margaret Atwood.
Originally broadcast as individual episodes of a television program in 2019.
Special features: Power play: Gilead's women fight back.
Formatted Contents Note:
disc 1. Night ; Mary and Martha ; Watch out ; God ... Read More
Participant or Performer Note:
Elisabeth Moss, Yvonne Strahovski, Joseph Fiennes, ... Read More
Summary, etc.:
Handmaid June finds herself once again in ... Read More
Target Audience Note:
Rating: TVMA.
System Details Note:
DVD; Dolby digital 5.1; widescreen (2.00:1); NTSC, ... Read More
Language Note:
English dialogue; French or Spanish subtitles; ... Read More
Subject: Theocracy > Drama.
Misogyny > Drama.
Pregnancy > Social aspects > Drama.
Totalitarianism > Drama.
Man-woman relationships > Drama.
Misogyny.
Pregnancy > Social aspects.
Theocracy.
Genre: Drama.
Dystopian television programs.
Fiction television programs.
Television programs.
Television series.
Video recordings for the hearing impaired.
Fiction television programs.
Television series.
Dystopian television programs.
Television adaptations.
Video recordings for the hearing impaired.
LDR 04920cgm a2201009Ii 4500
001331166
003LARL_NWRL_CONSORTIUM
00520191120201756.0
008191001t20192019cau659 e vleng d
007vd cvaizq
040 . ‡aTEFMT ‡beng ‡erda ‡cTEFMT ‡dTEF ‡dOCLCO ‡dTEFMT ‡dOCLCF ‡dZPP ‡dINO ‡dIHY ‡dJQW
0241 . ‡a883904364429
02410. ‡a883904364405
02842. ‡aM136442 ‡bTwentieth Century Fox Home Entertainment
02842. ‡aM136440 ‡bTwentieth Century Fox Home Entertainment
035 . ‡a(OCoLC)1121295361
037 . ‡bMidwest Tape ‡nhttp://www.midwesttapes.com
0411 . ‡aeng ‡jfre ‡jspa ‡jeng ‡heng
08204. ‡a791.45/75 ‡223
1300 . ‡aHandmaid's tale (Television program). ‡nSeason 3.
24514. ‡aThe handmaid's tale. ‡nSeason three / ‡cMGM presents ; an MGM and Hulu production ; created for television by Bruce Miller.
250 . ‡aWidescreen.
257 . ‡aUnited States ‡2naf
264 1. ‡aBeverly Hills, CA : ‡bTwentieth Century Fox Home Entertainment, ‡c[2019]
264 4. ‡c©2019
300 . ‡a4 videodiscs (659 min.) : ‡bsound, color ; ‡c4 3/4 in.
336 . ‡atwo-dimensional moving image ‡btdi ‡2rdacontent
337 . ‡avideo ‡bv ‡2rdamedia
338 . ‡avideodisc ‡bvd ‡2rdacarrier
344 . ‡adigital ‡2rdatr
344 . ‡boptical ‡2rdarm
344 . ‡gsurround ‡2rdacpc
344 . ‡hDolby digital 5.1
346 . ‡bNTSC ‡2rdabs
347 . ‡avideo file ‡2rdaft
347 . ‡bDVD video
347 . ‡eregion 1 ‡2rdare
380 . ‡aTelevision programs. ‡2lcgft
4900 . ‡aHandmaid's tale ; ‡vSeason 3
538 . ‡aDVD; Dolby digital 5.1; widescreen (2.00:1); NTSC, region 1.
546 . ‡aEnglish dialogue; French or Spanish subtitles; subtitled for the deaf and hard of hearing (SDH); closed captioned.
5111 . ‡aElisabeth Moss, Yvonne Strahovski, Joseph Fiennes, Alexis Bledel, Amanda Brugel, O-T Fagbenle, Max Minghella, Samira Wiley, Ann Dowd, Madeline Brewer, Bradley Whitford.
500 . ‡aWidescreen.
500 . ‡aTitle from container.
500 . ‡aBased on the novel by Margaret Atwood.
500 . ‡aOriginally broadcast as individual episodes of a television program in 2019.
5218 . ‡aRating: TVMA.
520 . ‡aHandmaid June finds herself once again in resistance to the dystopian regime of Gilead after opting not to flee to Canada with her baby at the end of the second season. Now, she will struggle to strike back against the regime despite overwhelming odds. This season there are startling reunions, betrayals and a journey to the terrifying heart of Gilead that will force all of the characters to take a stand, guided by one defiant prayer: Blessed be the fight.
5050 . ‡adisc 1. Night ; Mary and Martha ; Watch out ; God bless the child -- disc 2. Unknown caller ; Household ; Under his eye ; Unfit -- disc 3. Heroic ; Bear witness ; Liars -- dsic 4. Sacrifice ; Mayday.
500 . ‡aSpecial features: Power play: Gilead's women fight back.
650 0. ‡aTheocracy ‡vDrama.
650 0. ‡aMisogyny ‡vDrama.
650 0. ‡aPregnancy ‡xSocial aspects ‡vDrama.
650 0. ‡aTotalitarianism ‡vDrama.
650 0. ‡aMan-woman relationships ‡vDrama. ‡0(LARL_NWRL_CONSORTIUM)166008
650 7. ‡aMisogyny. ‡2fast ‡0(LARL_NWRL_CONSORTIUM)25885
650 7. ‡aPregnancy ‡xSocial aspects. ‡2fast
650 7. ‡aTheocracy. ‡2fast
655 7. ‡aDrama. ‡2fast
655 7. ‡aDystopian television programs. ‡2fast
655 7. ‡aFiction television programs. ‡2fast ‡0(LARL_NWRL_CONSORTIUM)175627
655 7. ‡aTelevision programs. ‡2fast ‡0(LARL_NWRL_CONSORTIUM)175822
655 7. ‡aTelevision series. ‡2fast ‡0(LARL_NWRL_CONSORTIUM)175797
655 7. ‡aVideo recordings for the hearing impaired. ‡2fast ‡0(LARL_NWRL_CONSORTIUM)175744
655 7. ‡aFiction television programs. ‡2lcgft ‡0(LARL_NWRL_CONSORTIUM)175627
655 7. ‡aTelevision series. ‡2lcgft ‡0(LARL_NWRL_CONSORTIUM)175797
655 7. ‡aDystopian television programs. ‡2lcgft
655 7. ‡aTelevision adaptations. ‡2lcgft ‡0(LARL_NWRL_CONSORTIUM)175702
655 7. ‡aVideo recordings for the hearing impaired. ‡2lcgft ‡0(LARL_NWRL_CONSORTIUM)175744
7001 . ‡aMiller, Bruce ‡c(Television producer and writer), ‡ecreator.
7001 . ‡aMoss, Elisabeth, ‡d1982- ‡eactor.
7001 . ‡aStrahovski, Yvonne, ‡d1982- ‡eactor. ‡0(LARL_NWRL_CONSORTIUM)215366
7001 . ‡aFiennes, Joseph, ‡d1970- ‡eactor. ‡0(LARL_NWRL_CONSORTIUM)146308
7001 . ‡aBledel, Alexis, ‡d1981- ‡eactor.
7001 . ‡aBrugel, Amanda, ‡d1978- ‡eactor.
7001 . ‡aFagbenle, O-T, ‡d1980- ‡eactor.
7001 . ‡aMinghella, Max, ‡d1985- ‡eactor. ‡0(LARL_NWRL_CONSORTIUM)211810
7001 . ‡aWiley, Samira, ‡eactor.
7001 . ‡aDowd, Ann, ‡eactor. ‡0(LARL_NWRL_CONSORTIUM)209041
7001 . ‡aBrewer, Madeline, ‡d1992- ‡eactor.
7001 . ‡aWhitford, Bradley, ‡eactor. ‡0(LARL_NWRL_CONSORTIUM)144573
7001 . ‡iTelevision adaptation of (work): ‡aAtwood, Margaret, ‡d1939- ‡tHandmaid's tale.
7102 . ‡aMetro-Goldwyn-Mayer (1992- ), ‡epresenter, ‡eproduction company.
7102 . ‡aHulu (Firm), ‡eproduction company.
7102 . ‡aTwentieth Century Fox Home Entertainment, Inc., ‡epublisher. ‡0(LARL_NWRL_CONSORTIUM)140752
901 . ‡a331166 ‡bOCoLC ‡c331166 ‡tbiblio ‡soclc

Additional Resources